Liberty : (Record no. 200468137)

MARC details
000 -LEADER
fixed length control field 02475cam a2200541 i 4500
001 - CONTROL NUMBER
control field 200468137
003 - CONTROL NUMBER IDENTIFIER
control field TR-AnTOB
005 - DATE AND TIME OF LATEST TRANSACTION
control field 20260416103448.0
007 - PHYSICAL DESCRIPTION FIXED FIELD--GENERAL INFORMATION
fixed length control field ta
008 - FIXED-LENGTH DATA ELEMENTS--GENERAL INFORMATION
fixed length control field 260416t19851985nyua 001 0 eng
010 ## - LIBRARY OF CONGRESS CONTROL NUMBER
LC control number 85017304
020 ## - INTERNATIONAL STANDARD BOOK NUMBER
International Standard Book Number 0870445839
International Standard Book Number 9780870445835
International Standard Book Number 0870445847
Qualifying information (deluxe)
International Standard Book Number 9780870445842
Qualifying information (deluxe)
International Standard Book Number 0870446223
Qualifying information (lib. bdg.)
International Standard Book Number 9780870446221
Qualifying information (lib. bdg.)
International Standard Book Number 0870446231
Qualifying information (ltd. collector's)
International Standard Book Number 9780870446238
Qualifying information (ltd. collector's)
International Standard Book Number 0671611739
Qualifying information (hardback)
International Standard Book Number 9780671611736
035 ## - SYSTEM CONTROL NUMBER
System control number (CU-S)b19443420-01ucs_sdi
System control number (OCoLC)12420750
Canceled/invalid control number (OCoLC)234291367
-- (OCoLC)992634556
-- (OCoLC)1010310475
-- (OCoLC)1037725242
-- (OCoLC)1089350465
-- (OCoLC)1325222912
System control number (OCoLC)ocm12420750
System control number (EXLNZ-01UCS_NETWORK)9912510018306531
System control number (TR-AnTOB)200468137
040 ## - CATALOGING SOURCE
Original cataloging agency DLC
Language of cataloging eng
Description conventions rda
Transcribing agency DLC
Modifying agency NLGGC
-- BTCTA
-- OCLCG
-- YDXCP
-- AZH
-- OCLCQ
-- TXBXL
-- GBVCP
-- TAMCT
-- OCLCF
-- OCLCQ
-- FHL
-- OCLCO
-- OCLCQ
-- OCLCO
-- OCLCQ
-- CSJ
-- VBO
-- OCLCQ
-- XFF
-- OCLCQ
-- BGU
-- W8A
-- DU3
-- OCLCO
-- J9U
-- OCLCO
-- OCLCL
-- IG#
-- OCLCL
-- OCLCQ
-- OCLCO
-- TWJ
-- TR-AnTOB
041 0# - LANGUAGE CODE
Language code of text/sound track or separate title İngilizce
043 ## - GEOGRAPHIC AREA CODE
Geographic area code n-us---
-- n-us-ny
050 04 - LIBRARY OF CONGRESS CALL NUMBER
Classification number JV6450
Item number .A4546 1985
090 ## - LOCALLY ASSIGNED LC-TYPE CALL NUMBER (OCLC); LOCAL CALL NUMBER (RLIN)
Classification number (OCLC) (R) ; Classification number, CALL (RLIN) (NR) JV6450
Local cutter number (OCLC) ; Book number/undivided call number, CALL (RLIN) .A4546 1985
100 1# - MAIN ENTRY--PERSONAL NAME
Personal name Allen, Leslie
Fuller form of name (Leslie Beth)
Relator term author
Relator code aut
Authority record control number or standard number http://id.loc.gov/authorities/names/n85068341
9 (RLIN) 153704
245 10 - TITLE STATEMENT
Title Liberty :
Remainder of title the statue and the American dream /
Statement of responsibility, etc. by Leslie Allen.
264 #1 - PRODUCTION, PUBLICATION, DISTRIBUTION, MANUFACTURE, AND COPYRIGHT NOTICE
Place of production, publication, distribution, manufacture [New York, N.Y.] :
Name of producer, publisher, distributor, manufacturer Statue of Liberty-Ellis Island Foundation with the cooperation of the National Geographic Society,
Date of production, publication, distribution, manufacture, or copyright notice [1985]
Date of production, publication, distribution, manufacture, or copyright notice ©1985
300 ## - PHYSICAL DESCRIPTION
Extent 304 pages :
Other physical details illustrations (some color) ;
Dimensions 27 cm
336 ## - CONTENT TYPE
Content type term text
Content type code txt
Source rdacontent
337 ## - MEDIA TYPE
Media type term unmediated
Media type code n
Source rdamedia
338 ## - CARRIER TYPE
Carrier type term volume
Carrier type code nc
Source rdacarrier
500 ## - GENERAL NOTE
General note Includes index.
505 0# - FORMATTED CONTENTS NOTE
Formatted contents note Liberty: The story of the statue -- Old lands, new nation -- The perils of the journey -- Promise of a young land -- Iron rails, golden mountain -- Through Ellis Island -- The shock of the great city -- Years of hope and struggle -- The enduring dream.
520 ## - SUMMARY, ETC.
Summary, etc. The story of the Statue, Ellis Island, Old and New Nations and American Life and Liberty.
650 #0 - SUBJECT ADDED ENTRY--TOPICAL TERM
Topical term or geographic name entry element Statue of Liberty (New York, N.Y.)
General subdivision History
9 (RLIN) 153705
651 #0 - SUBJECT ADDED ENTRY--GEOGRAPHIC NAME
Geographic name United States
General subdivision Emigration and immigration
-- History
9 (RLIN) 153606
942 ## - ADDED ENTRY ELEMENTS (KOHA)
Source of classification or shelving scheme Library of Congress Classification
Koha item type Book
Holdings
Withdrawn status Lost status Source of classification or shelving scheme Damaged status Not for loan Collection code Home library Current library Shelving location Date acquired Source of acquisition Inventory number Total Checkouts Full call number Barcode Date last seen Copy number Date shelved Koha item type Public note
    Library of Congress Classification Kullanılmış / Used Ödünç Verilemez-Kurumiçi kullanım / Not for loan-For inhouse use Genel Koleksiyon Tıp Fakültesi Medikal Kütüphane Tıp Fakültesi Medikal Kütüphane Genel Koleksiyon / Main Collection 18/03/2026 Bağış / Donation SUİ   JV6450 .A4546 1985 TıpFaK TF03123 16/04/2026 1 16/04/2026 Book Donated by Prof. Dr. Şükrü Cin
Devinim Yazılım Eğitim Danışmanlık tarafından Koha'nın orjinal sürümü uyarlanarak geliştirilip kurulmuştur.